<?xml version="1.0" encoding="UTF-8"?>
<record
    xmlns:xsi="http://www.w3.org/2001/XMLSchema-instance"
    xsi:schemaLocation="http://www.loc.gov/MARC21/slim http://www.loc.gov/standards/marcxml/schema/MARC21slim.xsd"
    xmlns="http://www.loc.gov/MARC21/slim">

  <leader>02255nam a2200373 i 4500</leader>
  <controlfield tag="001">000042439</controlfield>
  <controlfield tag="003">DO-SdBNP</controlfield>
  <controlfield tag="005">20260520141900.0</controlfield>
  <controlfield tag="007">ta</controlfield>
  <controlfield tag="008">131202s2003    dr a o        000 0 spa d</controlfield>
  <datafield tag="020" ind1=" " ind2=" ">
    <subfield code="a">9993467162</subfield>
  </datafield>
  <datafield tag="040" ind1=" " ind2=" ">
    <subfield code="a">DO-SdBNP</subfield>
    <subfield code="b">spa</subfield>
    <subfield code="c">BNPHU</subfield>
    <subfield code="e">rda</subfield>
  </datafield>
  <datafield tag="041" ind1=" " ind2=" ">
    <subfield code="a">spa</subfield>
  </datafield>
  <datafield tag="082" ind1=" " ind2="4">
    <subfield code="a">332.4044</subfield>
    <subfield code="b">E82p</subfield>
    <subfield code="2">22</subfield>
  </datafield>
  <datafield tag="100" ind1=" " ind2=" ">
    <subfield code="a">Estrella G&#xF3;mez, Miguel,</subfield>
    <subfield code="e">autor</subfield>
    <subfield code="4">aut.</subfield>
    <subfield code="9">62039</subfield>
  </datafield>
  <datafield tag="245" ind1="1" ind2="3">
    <subfield code="a">El papel moneda dominicano /</subfield>
    <subfield code="c">Miguel Estrella G&#xF3;mez, Isaac Rudman.</subfield>
  </datafield>
  <datafield tag="264" ind1=" " ind2="1">
    <subfield code="a">Santo Domingo, Rep&#xFA;blica Dominicana :</subfield>
    <subfield code="b">Banco Popular,</subfield>
    <subfield code="c">2003.</subfield>
  </datafield>
  <datafield tag="300" ind1=" " ind2=" ">
    <subfield code="a">vol&#xFA;menes  :</subfield>
    <subfield code="b">ilustraciones, fotograf&#xED;as ;</subfield>
    <subfield code="c">32 cm.</subfield>
  </datafield>
  <datafield tag="336" ind1=" " ind2=" ">
    <subfield code="a">texto</subfield>
    <subfield code="b">txt</subfield>
    <subfield code="2">rdacontent</subfield>
  </datafield>
  <datafield tag="337" ind1=" " ind2=" ">
    <subfield code="a">sin mediaci&#xF3;n</subfield>
    <subfield code="b">n</subfield>
    <subfield code="2">rda media</subfield>
  </datafield>
  <datafield tag="338" ind1=" " ind2=" ">
    <subfield code="a">volumen</subfield>
    <subfield code="b">nc</subfield>
    <subfield code="2">rdacarrier</subfield>
  </datafield>
  <datafield tag="500" ind1=" " ind2=" ">
    <subfield code="a">Incluye referencias bibliogr&#xE1;ficas y notas al pie de las p&#xE1;ginas</subfield>
  </datafield>
  <datafield tag="504" ind1=" " ind2=" ">
    <subfield code="a">Bibliograf&#xED;a: p&#xE1;ginas 309-310</subfield>
  </datafield>
  <datafield tag="505" ind1="0" ind2=" ">
    <subfield code="a">v.1--</subfield>
    <subfield code="t">Presentaci&#xF3;n--</subfield>
    <subfield code="t">Pr&#xF3;logo--</subfield>
    <subfield code="t">Introducci&#xF3;n--</subfield>
    <subfield code="g">Primera parte--</subfield>
    <subfield code="t">Per&#xED;odo Colonial 1782-1844--</subfield>
    <subfield code="g">Segunda Parte--</subfield>
    <subfield code="t">Rep&#xFA;blica Dominicana 1844-1861--</subfield>
    <subfield code="g">Tercera parte--</subfield>
    <subfield code="t">Anexi&#xF3;n a Espa&#xF1;a 1861-1865--</subfield>
    <subfield code="g">Cuarta parte--</subfield>
    <subfield code="t">Rep&#xFA;blica Dominicana 1865-1881--</subfield>
    <subfield code="g">Quinta parte--</subfield>
    <subfield code="t">Rep&#xFA;blica Dominicana 1882-1899--</subfield>
    <subfield code="g">Sexta parte--</subfield>
    <subfield code="t">Billetes municipales 1888-1899--</subfield>
    <subfield code="g">Septima parte--</subfield>
    <subfield code="t">Billetes privados 1883-1899--</subfield>
    <subfield code="g">Octava parte--</subfield>
    <subfield code="t">Pruebas de dise&#xF1;os y billetes no emitidos 1848-1912--</subfield>
    <subfield code="t">Fuentes documentadas y bibliograf&#xED;a.</subfield>
  </datafield>
  <datafield tag="505" ind1="0" ind2=" ">
    <subfield code="a">v.2--</subfield>
    <subfield code="t">Presentaci&#xF3;n--</subfield>
    <subfield code="t">Pr&#xF3;logo--</subfield>
    <subfield code="t">Introducci&#xF3;n--</subfield>
    <subfield code="t">Antecedentes 1900-1947--</subfield>
    <subfield code="t">Banco Central de la Rep&#xFA;blica dominicana 1947-2004--</subfield>
    <subfield code="t">Primera emisi&#xF3;n 1947-1961--</subfield>
    <subfield code="t">Segunda emisi&#xF3;n 1962-1963--</subfield>
    <subfield code="t">Tercera emisi&#xF3;n 1964-1975--</subfield>
    <subfield code="t">Cuarta emisi&#xF3;n 1976-1998--</subfield>
    <subfield code="t">Quinta emisi&#xF3;n 1999-2004--</subfield>
    <subfield code="t">Pruebas de billetes del Banco Central de la Rep&#xFA;blica Dominicana 1947-2004--</subfield>
    <subfield code="t">Dise&#xF1;os de billetes no aprobados 1947-2004--</subfield>
    <subfield code="t">Fuentes documentadas y bibliograf&#xED;a.</subfield>
  </datafield>
  <datafield tag="590" ind1=" " ind2=" ">
    <subfield code="a">Inventariado, 2018/MFF</subfield>
  </datafield>
  <datafield tag="650" ind1=" " ind2="4">
    <subfield code="a">Papel moneda</subfield>
    <subfield code="x">Historia</subfield>
    <subfield code="z">Rep&#xFA;blica Dominicana</subfield>
    <subfield code="y">1947-2004</subfield>
    <subfield code="9">69587</subfield>
  </datafield>
  <datafield tag="650" ind1=" " ind2="4">
    <subfield code="a">Billetes de banco</subfield>
    <subfield code="z">Rep&#xFA;blica Dominicana</subfield>
    <subfield code="y">1947-2004</subfield>
    <subfield code="9">69588</subfield>
  </datafield>
  <datafield tag="650" ind1=" " ind2="4">
    <subfield code="a">Cuesti&#xF3;n</subfield>
    <subfield code="9">69589</subfield>
  </datafield>
  <datafield tag="700" ind1="1" ind2=" ">
    <subfield code="a">Rudman, Isaac,</subfield>
    <subfield code="e">autor</subfield>
    <subfield code="4">aut.</subfield>
    <subfield code="9">55839</subfield>
  </datafield>
  <datafield tag="710" ind1="2" ind2=" ">
    <subfield code="a">Banco Popular Dominicano</subfield>
    <subfield code="9">6892</subfield>
  </datafield>
  <datafield tag="910" ind1=" " ind2=" ">
    <subfield code="a">Validado. Control de calidad MFF</subfield>
  </datafield>
  <datafield tag="942" ind1=" " ind2=" ">
    <subfield code="2">ddc</subfield>
    <subfield code="c">LBS1</subfield>
  </datafield>
  <datafield tag="952" ind1=" " ind2=" ">
    <subfield code="0">0</subfield>
    <subfield code="1">0</subfield>
    <subfield code="2">ddc</subfield>
    <subfield code="5">1</subfield>
    <subfield code="7">0</subfield>
    <subfield code="8">PD</subfield>
    <subfield code="a">BNPHU</subfield>
    <subfield code="b">BNPHU</subfield>
    <subfield code="c">HD</subfield>
    <subfield code="d">2013-12-02</subfield>
    <subfield code="e">Compra</subfield>
    <subfield code="l">0</subfield>
    <subfield code="o">BNPHU PD 332.4044 E82p</subfield>
    <subfield code="p">42439-10</subfield>
    <subfield code="r">2020-06-25</subfield>
    <subfield code="t">v.1</subfield>
    <subfield code="w">2020-06-25</subfield>
    <subfield code="y">LBS1</subfield>
    <subfield code="Z">No se presta</subfield>
  </datafield>
  <datafield tag="952" ind1=" " ind2=" ">
    <subfield code="0">0</subfield>
    <subfield code="1">0</subfield>
    <subfield code="2">ddc</subfield>
    <subfield code="5">1</subfield>
    <subfield code="7">0</subfield>
    <subfield code="8">PD</subfield>
    <subfield code="a">BNPHU</subfield>
    <subfield code="b">BNPHU</subfield>
    <subfield code="c">HD</subfield>
    <subfield code="d">2015-05-20</subfield>
    <subfield code="e">Donado por Fernando Ure&#xF1;a Rib</subfield>
    <subfield code="l">0</subfield>
    <subfield code="o">BNPHU PD 332.4044 E82p</subfield>
    <subfield code="p">42439-20</subfield>
    <subfield code="r">2020-06-25</subfield>
    <subfield code="t">v.1, e.2</subfield>
    <subfield code="w">2020-06-25</subfield>
    <subfield code="y">LBS1</subfield>
    <subfield code="Z">No se presta</subfield>
  </datafield>
  <datafield tag="952" ind1=" " ind2=" ">
    <subfield code="0">0</subfield>
    <subfield code="1">0</subfield>
    <subfield code="2">ddc</subfield>
    <subfield code="5">6</subfield>
    <subfield code="7">0</subfield>
    <subfield code="8">DS</subfield>
    <subfield code="a">BNPHU</subfield>
    <subfield code="b">BNPHU</subfield>
    <subfield code="c">HD</subfield>
    <subfield code="d">2018-05-30</subfield>
    <subfield code="e">Donado por Omar Sili&#xE9;</subfield>
    <subfield code="l">0</subfield>
    <subfield code="o">BNPHU DS 332.4044 E82p</subfield>
    <subfield code="p">42439-30</subfield>
    <subfield code="r">2020-06-25</subfield>
    <subfield code="t">v.1, e.3</subfield>
    <subfield code="w">2020-06-25</subfield>
    <subfield code="y">LBS1</subfield>
    <subfield code="Z">No se presta</subfield>
  </datafield>
  <datafield tag="952" ind1=" " ind2=" ">
    <subfield code="0">0</subfield>
    <subfield code="1">0</subfield>
    <subfield code="2">ddc</subfield>
    <subfield code="5">1</subfield>
    <subfield code="7">0</subfield>
    <subfield code="8">PD</subfield>
    <subfield code="a">BNPHU</subfield>
    <subfield code="b">BNPHU</subfield>
    <subfield code="c">HD</subfield>
    <subfield code="d">2021-07-07</subfield>
    <subfield code="l">0</subfield>
    <subfield code="o">BNPHU PD 332.4044 E82p</subfield>
    <subfield code="p">2021-2450</subfield>
    <subfield code="r">2021-07-07</subfield>
    <subfield code="t">v.2</subfield>
    <subfield code="w">2021-07-07</subfield>
    <subfield code="y">LBS1</subfield>
  </datafield>
  <datafield tag="952" ind1=" " ind2=" ">
    <subfield code="0">0</subfield>
    <subfield code="1">0</subfield>
    <subfield code="2">ddc</subfield>
    <subfield code="5">1</subfield>
    <subfield code="7">0</subfield>
    <subfield code="8">PD</subfield>
    <subfield code="a">BNPHU</subfield>
    <subfield code="b">BNPHU</subfield>
    <subfield code="c">HD</subfield>
    <subfield code="d">2024-10-25</subfield>
    <subfield code="e">Donado por la Presidencia de la Rep&#xFA;blica Dominicana 2023.</subfield>
    <subfield code="l">0</subfield>
    <subfield code="o">BNPHU PD 332.4044 E82p</subfield>
    <subfield code="p">2024-6155</subfield>
    <subfield code="r">2024-10-25</subfield>
    <subfield code="t">v.2, e.2</subfield>
    <subfield code="w">2024-10-25</subfield>
    <subfield code="y">LBS1</subfield>
    <subfield code="z">Pertenecio a la biblioteca personal de Emilio Cordero Michel.</subfield>
  </datafield>
  <datafield tag="952" ind1=" " ind2=" ">
    <subfield code="0">0</subfield>
    <subfield code="1">0</subfield>
    <subfield code="2">ddc</subfield>
    <subfield code="5">6</subfield>
    <subfield code="7">0</subfield>
    <subfield code="8">DS</subfield>
    <subfield code="a">BNPHU</subfield>
    <subfield code="b">BNPHU</subfield>
    <subfield code="c">HD</subfield>
    <subfield code="d">2024-10-25</subfield>
    <subfield code="e">Donado por la Presidencia de la Rep&#xFA;blica Dominicana 2023.</subfield>
    <subfield code="l">0</subfield>
    <subfield code="o">BNPHU DS 332.4044 E82p</subfield>
    <subfield code="p">2024-6156</subfield>
    <subfield code="r">2024-10-25</subfield>
    <subfield code="t">v.2, e.3</subfield>
    <subfield code="w">2024-10-25</subfield>
    <subfield code="y">LBS1</subfield>
    <subfield code="z">Pertenecio a la biblioteca personal de Emilio Cordero Michel.</subfield>
  </datafield>
  <datafield tag="999" ind1=" " ind2=" ">
    <subfield code="c">41928</subfield>
    <subfield code="d">41928</subfield>
  </datafield>
</record>
